| 000 | 00662nam a2200181Ia 4500 | ||
|---|---|---|---|
| 005 | 20250423101006.0 | ||
| 008 | 250422s9999 xx 000 0 und d | ||
| 020 | _a9789789722976 | ||
| 050 | _aJC 330.3 .F34/ | ||
| 100 | _aEdited by Fagbohun, Olanrewaju & Adewale Aderemi | ||
| 245 | 0 | _aStatesmanship and political leadership : analyses of Nigeria's fourth republic | |
| 260 | _aLagos, Nigeria | ||
| 260 | _bLagos state university press | ||
| 260 | _c2019 | ||
| 300 | _a562 p | ||
| 650 | _aLincoln, Abraham, 1809-1865--Political and social views. Lincoln, Abraham, 1809-1865--Influence. United States--Politics and government--1861-1865. | ||
| 942 | _cBK | ||
| 999 |
_c34960 _d34960 |
||